| 000 | 00650nam a2200217 a 4500 | ||
|---|---|---|---|
| 001 | 000023887 | ||
| 005 | 20200930022538.0 | ||
| 008 | 110115s1972 sp r 000 j spa d | ||
| 040 |
_aDO-SdBNP _bspa _cBNPHU |
||
| 082 |
_annnn _bB877e |
||
| 100 | 1 |
_aBrown, Fredric, _949143 |
|
| 245 | 1 | 0 |
_aExtraños en la tierra / : _bFredric Brown .. [et. al]. |
| 260 |
_aMadrid : _bDoncel, _c1972. |
||
| 300 |
_a198, [2] p. ; _c18 cm. |
||
| 490 | 1 |
_aLibro joven de bolsillo _v17 |
|
| 700 | 1 |
_aTenn, William, _949144 |
|
| 700 | 1 |
_aAsimov, Isaac, _947685 |
|
| 700 | 1 |
_aGallumm Raymond Z., _949145 |
|
| 830 | 0 |
_aLibro joven de bolsillo ; _v17 _912847 |
|
| 049 | _aBNGR | ||
| 999 |
_c23383 _d23383 |
||